|
|
|
|
| LEADER |
00000nam a22000007a 4500 |
| 005 |
20170527204317.0 |
| 007 |
cr|||| |||| |
| 008 |
170527s2012 es |||||s|||| 00||0 spa d |
| 035 |
|
|
|a 20271
|
| 040 |
|
|
|a vLex
|
| 090 |
|
|
|c 6706
|d 6706
|
| 100 |
1 |
|
|a Sandoval Shaik, Daro̕ A.
|
| 245 |
1 |
3 |
|a Las condiciones generales del contrato de seguro y su control interno e internacional
|h [Recurso electrn̤ico] /
|c Daro̕ A. Sandoval Shaik
|
| 256 |
|
|
|a Servicio en ln̕ea
|
| 260 |
|
|
|a Barcelona:
|b Editorial vLex,
|c 2012
|
| 300 |
|
|
|a 1 recurso electrn̤ico
|
| 506 |
1 |
|
|a Disponible solo en los productos indicados
|d vLex Global
|d vLex Global (Academic Edition, excluding Law Schools)
|d vLex Global (U.S. Academic Edition, Law Schools)
|d vLex Global (U.S. Academic Edition, excluding Law Schools)
|d vLex Global (Academic Edition, Law Schools)
|
| 650 |
0 |
4 |
|a Seguros
|z Espaą
|
| 650 |
0 |
4 |
|a Derecho Internacional
|z Espaą
|
| 740 |
0 |
|
|a vLex Libros (Servicio en ln̕ea)
|
| 856 |
4 |
0 |
|u http://vlex.com/source/condiciones-generales-contrato-seguro-control-interno-internacional-20271
|z Acceso restringido
|
| 942 |
|
|
|c BOOK
|
| 999 |
0 |
|
|a Insurance
|
| 999 |
0 |
|
|a International Law
|